| 000 | 00508nam a22001577a 4500 | ||
|---|---|---|---|
| 003 | OSt | ||
| 005 | 20150908162034.0 | ||
| 008 | 150908b xxu||||| |||| 00| 0 eng d | ||
| 040 | _cRUA | ||
| 082 | _aAGR ជៀម 1993 B006 Or.1 | ||
| 100 |
_9168 _aជៀម ច័ន្ទខេមរិន្រ្ទ |
||
| 245 | _aការថែទាំ និងព្យាបាលកូនកៅស៊ូដាំថ្មី | ||
| 260 |
_aPhnom Penh _bRUA _c1993 |
||
| 300 |
_a89p. _bill. _c29cm. |
||
| 942 |
_2ddc _cAGR |
||
| 999 |
_c148 _d148 |
||